[Event "Online Olym Top DivB 2021"]
[Site "chess.com INT"]
[Date "2021.09.09"]
[Round "4.2"]
[Board "6"]
[White "Urh, Zala"]
[Black "Sumarriva Paulin, Laura"]
[Result "1-0"]
[WhiteTitle "WIM"]
[BlackTitle "WFM"]
[WhiteElo "2234"]
[BlackElo "1974"]
[WhiteTeam "Slovenia"]
[BlackTeam "France"]
[WhiteFideId "14611481"]
[BlackFideId "45102635"]
[EventDate "2021.09.08"]
[EventType "team"]

1. d4 d5 2. Nf3 c5 3. c3 cxd4 4. cxd4 Nc6 5. Nc3 Nf6 6. Bf4 Bf5 7. e3 e6 8. Qb3
Qb6 9. Bb5 Be7 10. h3 O-O 11. O-O Na5 12. Qa4 a6 13. Be2 Rac8 14. Nh4 Qxb2 15.
Nxf5 exf5 16. Nxd5 Nxd5 17. Qxa5 Nxf4 18. exf4 Bb4 19. Qb6 Qxe2 20. Qxb4 Rc4 21.
Qxb7 Rxd4 22. Rfe1 Qc4 23. g3 Rd2 24. Qe7 g6 25. a4 Qd4 26. Qe3 Qb2 27. a5 Rc8
28. Rab1 Qa2 29. Qb6 Rcc2 30. Re8+ Kg7 31. Qb4 Rxf2 32. Qf8+ Kf6 33. Qh8# 1-0

[Event "Online Olym Top DivB 2021"]
[Site "chess.com INT"]
[Date "2021.09.09"]
[Round "4.3"]
[Board "1"]
[White "Agrest, Evgenij"]
[Black "Bologan, Victor"]
[Result "0-1"]
[WhiteTitle "GM"]
[BlackTitle "GM"]
[WhiteElo "2568"]
[BlackElo "2574"]
[WhiteTeam "Sweden"]
[BlackTeam "Moldova"]
[WhiteFideId "1705024"]
[BlackFideId "13900048"]
[EventDate "2021.09.08"]
[EventType "team"]

1. d4 Nf6 2. Bf4 g6 3. Nc3 d5 4. e3 c6 5. Nf3 Qb6 6. a3 Bg4 7. Bd3 Nbd7 8. O-O
Bg7 9. h3 Bxf3 10. Qxf3 O-O 11. g4 Ne8 12. Na4 Qa5 13. Nc5 Nxc5 14. b4 Qa4 15.
bxc5 b6 16. cxb6 axb6 17. c3 b5 18. e4 Nf6 19. e5 Nd7 20. h4 f6 21. exf6 Rxf6
22. g5 Ne5 23. Qe3 Rxf4 24. Qxf4 Nxd3 25. Qe3 Qc4 26. Rad1 Nb2 27. Rd2 Na4 28.
Qxe7 Nxc3 29. h5 gxh5 30. Kg2 Ne4 31. Rb2 Qxd4 32. Rc2 Nc3 33. f3 Qe5 34. Qxe5
Bxe5 35. f4 Bd4 36. f5 c5 37. f6 Kf7 38. Rd2 Rg8 39. Rd3 Rxg5+ 40. Kh3 Ne4 41.
Rb3 Bxf6 42. Rxb5 Rg3+ 43. Kh2 Rxa3 44. Rb7+ Kg6 45. Rg1+ Ng5 46. Rc1 Ra2+ 47.
Kh1 c4 48. Rd7 Rd2 49. Rxc4 dxc4 50. Rxd2 c3 51. Rc2 Nf3 52. Rf2 Nd2 53. Rg2+
Kf5 54. Rg1 Ke4 55. Kg2 Kd3 56. Rc1 c2 0-1

[Event "Online Olym Top DivB 2021"]
[Site "chess.com INT"]
[Date "2021.09.09"]
[Round "4.3"]
[Board "2"]
[White "Macovei, Andrei"]
[Black "Blomqvist, Erik"]
[Result "1-0"]
[WhiteTitle "IM"]
[BlackTitle "GM"]
[WhiteElo "2453"]
[BlackElo "2536"]
[WhiteTeam "Moldova"]
[BlackTeam "Sweden"]
[WhiteFideId "13904680"]
[BlackFideId "1709437"]
[EventDate "2021.09.08"]
[EventType "team"]

1. e4 c5 2. Nf3 d6 3. d4 cxd4 4. Nxd4 Nf6 5. Nc3 g6 6. Be3 Bg7 7. f3 O-O 8. Qd2
Nc6 9. O-O-O d5 10. Kb1 Nxd4 11. e5 Nf5 12. exf6 exf6 13. Nxd5 Nxe3 14. Qxe3 Be6
15. Bc4 f5 16. Bb3 Re8 17. Rhe1 Qa5 18. c3 Kf8 19. Qf4 Rad8 20. Nb4 Bxb3 21.
axb3 Qc5 22. Rxe8+ Rxe8 23. Kc2 h5 24. Nd3 Qb6 25. Re1 Rd8 26. Qb4+ Qxb4 27.
Nxb4 h4 28. Nd3 Bf6 29. b4 Rd6 30. Nc5 b6 31. Nd3 Re6 32. b5 Ke7 33. Kd2 Kd6 34.
Ra1 Re7 35. Ra4 g5 36. Rc4 Bg7 37. Rc8 Rd7 38. Nb4 Be5 39. h3 Bf4+ 40. Kc2 Ke6
41. Re8+ Kd6 42. Nd3 Bg3 43. c4 Rc7 44. Kc3 Rd7 45. b4 Rc7 46. c5+ Kd5 47. Rd8+
Ke6 48. Kc4 Ke7 49. Rd5 Ke6 50. Rd8 Ke7 51. Rd4 Ke6 52. Rd5 f6 53. Rd8 g4 54.
fxg4 fxg4 55. hxg4 Rg7 56. Rd4 f5 57. gxf5+ Kxf5 58. Rd5+ Ke6 59. Rh5 Rg4+ 60.
Kc3 Re4 61. Rh7 Bb8 62. Rh8 Bg3 63. Rh7 Re2 64. Rxh4 Rxg2 65. Rh7 Ra2 66. Kb3
Ra1 67. Rg7 Bh4 68. Kc4 Bf6 69. Rh7 Ra3 70. Nf4+ Kf5 71. Nd5 Be5 72. cxb6 axb6
73. Nxb6 Rc3+ 74. Kd5 Rd3+ 75. Kc6 Ke4 76. Rh4+ Bf4 77. Nd5 Rxd5 78. Rxf4+ Kxf4
79. Kxd5 1-0

[Event "Online Olym Top DivB 2021"]
[Site "chess.com INT"]
[Date "2021.09.09"]
[Round "4.3"]
[Board "3"]
[White "Cramling, Pia"]
[Black "Gitu, Paula-Alexandra"]
[Result "1-0"]
[WhiteTitle "GM"]
[BlackTitle "WFM"]
[WhiteElo "2455"]
[BlackElo "2113"]
[WhiteTeam "Sweden"]
[BlackTeam "Moldova"]
[WhiteFideId "1700030"]
[BlackFideId "13904620"]
[EventDate "2021.09.08"]
[EventType "team"]

1. d4 f5 2. g3 Nf6 3. Bg2 e6 4. c4 d5 5. Nh3 c6 6. Qc2 Nbd7 7. O-O Bd6 8. Bf4
Qe7 9. Bxd6 Qxd6 10. Nd2 O-O 11. Rad1 h6 12. Nf4 g5 13. Nd3 Rf7 14. Nf3 Rg7 15.
Nfe5 Qe7 16. b4 a6 17. a4 Nxe5 18. dxe5 Nd7 19. a5 Nf8 20. Qc3 Bd7 21. Qd4 Ng6
22. Nc5 Rf8 23. cxd5 exd5 24. Bxd5+ cxd5 25. Qxd5+ Kh8 26. Nxd7 Rd8 27. e6 Re8
28. Nc5 f4 29. Qe4 Nf8 30. Rd5 h5 31. Rfd1 Qf6 32. Rf5 Qe7 33. Re5 Ng6 34. Red5
Nf8 35. Rd6 Rg6 36. Qe5+ Qf6 37. Qxf6+ Rxf6 38. Rd8 Re7 39. Nd7 1-0

[Event "Online Olym Top DivB 2021"]
[Site "chess.com INT"]
[Date "2021.09.09"]
[Round "4.3"]
[Board "4"]
[White "Verbin, Valentina"]
[Black "Agrest, Inna"]
[Result "0-1"]
[BlackTitle "WIM"]
[WhiteElo "2039"]
[BlackElo "2256"]
[WhiteTeam "Moldova"]
[BlackTeam "Sweden"]
[WhiteFideId "13905910"]
[BlackFideId "1708830"]
[EventDate "2021.09.08"]
[EventType "team"]

1. e4 e5 2. Nf3 Nc6 3. Bb5 a6 4. Ba4 Nf6 5. O-O b5 6. Bb3 Bc5 7. c3 d6 8. d4 Bb6
9. a4 Bg4 10. h3 Bh5 11. Qd3 O-O 12. axb5 axb5 13. Rxa8 Qxa8 14. Bg5 Nd7 15. Bd5
Bxf3 16. Qxb5 Ndb8 17. gxf3 exd4 18. Nd2 dxc3 19. bxc3 Qa5 20. Qb2 Ne5 21. Ra1
Nd3 22. Rxa5 Nxb2 23. Ra2 Nd3 24. Be3 Bxe3 25. fxe3 c6 26. Bc4 Nc5 27. Ra7 Nbd7
28. Nb3 Ne5 29. Nxc5 Nxc4 30. Nd7 Rd8 31. Kf2 g6 32. Rc7 Na5 33. Ke2 Kg7 34. Ra7
Nc4 35. Rc7 c5 36. Kd3 Rxd7 37. Rc8 Ne5+ 38. Ke2 Ra7 39. f4 Ra2+ 40. Kf1 Nc4 41.
e5 dxe5 42. fxe5 Nxe3+ 43. Ke1 c4 44. Rc7 Kf8 45. e6 fxe6 46. Rxh7 Rc2 47. Rc7
Rxc3 48. Kd2 Nd5 49. Rd7 Rxh3 0-1

[Event "Online Olym Top DivB 2021"]
[Site "chess.com INT"]
[Date "2021.09.09"]
[Round "4.3"]
[Board "5"]
[White "Seo, Jung Min"]
[Black "Lashkin, Jegor"]
[Result "1-0"]
[WhiteTitle "IM"]
[BlackTitle "FM"]
[WhiteElo "2469"]
[BlackElo "2386"]
[WhiteTeam "Sweden"]
[BlackTeam "Moldova"]
[WhiteFideId "1734687"]
[BlackFideId "13907808"]
[EventDate "2021.09.08"]
[EventType "team"]

1. h3 d5 2. d4 Nf6 3. Nf3 c5 4. c3 e6 5. Bf4 Bd6 6. Bxd6 Qxd6 7. e3 O-O 8. Nbd2
Nbd7 9. Be2 e5 10. dxe5 Nxe5 11. O-O Nc6 12. Qc2 Re8 13. Rfe1 b6 14. Rad1 Qe7
15. a3 c4 16. Nf1 Ne5 17. Nxe5 Qxe5 18. Rd4 Bf5 19. Qd1 b5 20. Ng3 Be6 21. Bf3
Rad8 22. e4 Bd7 23. Re2 Qd6 24. exd5 g6 25. Ne4 Nxe4 26. Rexe4 Bf5 27. Re1 Bd3
28. g3 Kg7 29. Kg2 a5 30. Qd2 Re5 31. Rxe5 Qxe5 32. Qe3 Qxe3 33. fxe3 Rd6 34.
Kf2 f5 35. g4 fxg4 36. hxg4 g5 37. e4 Kf6 38. Be2 Bc2 39. Ke3 Ke5 40. Bf3 Bd3
41. a4 Rb6 42. axb5 Rxb5 43. d6 Ke6 44. d7 1-0

[Event "Online Olym Top DivB 2021"]
[Site "chess.com INT"]
[Date "2021.09.09"]
[Round "4.3"]
[Board "6"]
[White "Mihailova, Alina"]
[Black "Zaritovskaja, Margarita"]
[Result "0-1"]
[WhiteElo "1884"]
[BlackElo "2040"]
[WhiteTeam "Moldova"]
[BlackTeam "Sweden"]
[WhiteFideId "13907018"]
[BlackFideId "14149249"]
[EventDate "2021.09.08"]
[EventType "team"]

1. d4 Nf6 2. c4 c5 3. d5 b5 4. cxb5 a6 5. bxa6 g6 6. Nf3 Bg7 7. g3 d6 8. Bg2 O-O
9. O-O Bxa6 10. Nc3 Nbd7 11. Rb1 Nb6 12. b3 c4 13. Nd4 cxb3 14. axb3 Qd7 15. Bb2
Rfc8 16. Qd2 Rc5 17. Nc2 Rac8 18. Rfc1 Qf5 19. e4 Qh5 20. Ne3 Bh6 21. f4 g5 22.
Nf5 gxf4 23. Nxe7+ Kf8 24. Nf5 Ng4 25. Bf3 fxg3 26. Nxh6 gxh2+ 27. Kh1 Qxh6 28.
Qxh6+ Nxh6 29. Kxh2 Ke7 30. Ra1 Bd3 31. Ra7+ R8c7 32. Rca1 Ng8 33. Rxc7+ Rxc7
34. Rg1 Nf6 35. Rg7 Nbd7 36. Rg2 Ne5 37. Bd1 Bxe4 38. Nxe4 Nxe4 39. Bxe5 dxe5
40. Re2 Nc3 41. Rxe5+ Kd6 42. Re1 Kxd5 43. Bf3+ Kd4 44. Rg1 f5 45. Rg5 Ke5 46.
Kg2 Kf4 47. Rh5 Ne4 48. Rh4+ Ke3 49. Bh5 Rc2+ 50. Kg1 f4 51. Rh3+ Ng3 52. Bg4
Rc7 53. Kg2 Rg7 54. Bf3 Rc7 55. Bg4 Rg7 56. Bf3 h5 57. b4 Rg5 58. Bc6 h4 59. b5
Rc5 60. Rxh4 Rc2+ 61. Kg1 f3 62. Bxf3 Kxf3 63. b6 Rc1+ 64. Kh2 Rh1# 0-1

[Event "Online Olym Top DivB 2021"]
[Site "chess.com INT"]
[Date "2021.09.09"]
[Round "4.4"]
[Board "1"]
[White "Zeng, Chongsheng"]
[Black "Harikrishna, Pentala"]
[Result "0-1"]
[WhiteTitle "GM"]
[BlackTitle "GM"]
[WhiteElo "2597"]
[BlackElo "2725"]
[WhiteTeam "Shenzhen China"]
[BlackTeam "India"]
[WhiteFideId "8603847"]
[BlackFideId "5007003"]
[EventDate "2021.09.08"]
[EventType "team"]

1. d4 Nf6 2. c4 e6 3. Nc3 Bb4 4. Qc2 O-O 5. a3 Bxc3+ 6. Qxc3 b6 7. Nf3 Bb7 8. e3
d5 9. cxd5 Bxd5 10. Be2 Nbd7 11. O-O c5 12. Rd1 Qc7 13. dxc5 Nxc5 14. b4 Nfe4
15. Qe1 Nb3 16. Bb2 Nxa1 17. Bxa1 Rac8 18. Ba6 Bb7 19. Be5 Qe7 20. Bd3 Rfd8 21.
Bd4 f6 22. Bb2 e5 23. h3 Qe6 24. Bb1 Qb3 0-1

[Event "Online Olym Top DivB 2021"]
[Site "chess.com INT"]
[Date "2021.09.09"]
[Round "4.4"]
[Board "2"]
[White "Adhiban, Baskaran"]
[Black "Yu, Ruiyuan"]
[Result "1-0"]
[WhiteTitle "GM"]
[BlackTitle "GM"]
[WhiteElo "2672"]
[BlackElo "2497"]
[WhiteTeam "India"]
[BlackTeam "Shenzhen China"]
[WhiteFideId "5018471"]
[BlackFideId "8603090"]
[EventDate "2021.09.08"]
[EventType "team"]

1. b3 e5 2. Bb2 Nc6 3. c4 g6 4. e3 Bg7 5. Nf3 Nge7 6. d4 exd4 7. Nxd4 O-O 8.
Nxc6 Nxc6 9. Bxg7 Kxg7 10. Nc3 d6 11. Be2 Be6 12. O-O f5 13. Qd2 Qf6 14. f4 Rad8
15. Bf3 Rd7 16. Rad1 Nd8 17. g3 Kh8 18. e4 fxe4 19. Nxe4 Qg7 20. Rfe1 b6 21. Ng5
Re7 22. Nxe6 Rxe6 23. Bd5 Rxe1+ 24. Rxe1 Qf6 25. h4 Kg7 26. b4 c6 27. Bg2 c5 28.
b5 Nf7 29. Bh3 Rd8 30. Re6 Qa1+ 31. Kh2 Nh6 32. f5 Rf8 33. g4 Ng8 34. g5 gxf5
35. Qxd6 Qxa2+ 36. Bg2 Qb2 37. h5 f4 38. h6+ Kh8 39. Qxf8 1-0

[Event "Online Olym Top DivB 2021"]
[Site "chess.com INT"]
[Date "2021.09.09"]
[Round "4.4"]
[Board "3"]
[White "Zhao, Xue"]
[Black "Koneru, Humpy"]
[Result "1-0"]
[WhiteTitle "GM"]
[BlackTitle "GM"]
[WhiteElo "2486"]
[BlackElo "2586"]
[WhiteTeam "Shenzhen China"]
[BlackTeam "India"]
[WhiteFideId "8601283"]
[BlackFideId "5008123"]
[EventDate "2021.09.08"]
[EventType "team"]

1. e4 e5 2. Nf3 Nc6 3. Bc4 Bc5 4. d3 Nf6 5. c3 d6 6. Nbd2 a6 7. a4 h6 8. Nf1 O-O
9. Be3 Bxe3 10. Nxe3 Be6 11. Bxe6 fxe6 12. Qb3 Qd7 13. O-O d5 14. Rad1 Rfe8 15.
h3 Rab8 16. Rfe1 b5 17. axb5 axb5 18. Ng4 Nxg4 19. hxg4 d4 20. Rc1 Rf8 21. Qc2
Rb6 22. cxd4 exd4 23. Qc5 Qf7 24. Rc2 Qf4 25. Rec1 Rd8 26. Qh5 Nb4 27. Rxc7 Nxd3
28. Qg6 Qf6 29. Qxf6 gxf6 30. Ra1 Ne5 31. Nxd4 Rbd6 32. Nxb5 Rd1+ 33. Rxd1 Rxd1+
34. Kh2 Nxg4+ 35. Kg3 Ne5 36. Rb7 Rd3+ 37. f3 Rd2 38. Nc7 Rd7 39. b4 Kf7 40. b5
Nc4 41. Ra7 Ke7 42. Kh4 Nb6 43. Ra6 Rxc7 44. Rxb6 Rc5 45. Rb8 Kf7 46. b6 Rb5 47.
g4 Kg7 48. Kg3 e5 49. Kf2 Rb3 50. Kg3 Rb2 51. Rb7+ Kg6 52. Rb8 Kg7 53. b7 Rb6
54. Kf2 Rb3 55. Ke2 Rb2+ 56. Kd3 Rb4 57. Kc3 Rb1 58. Kc4 Rc1+ 59. Kd5 Rb1 60.
Kd6 Rb2 61. Re8 Rxb7 62. Re7+ Rxe7 63. Kxe7 Kg6 64. Kf8 h5 65. gxh5+ Kxh5 66.
Kg7 Kg5 67. Kf7 f5 68. Ke6 fxe4 69. fxe4 Kg6 70. Kxe5 Kf7 71. Kd6 Ke8 72. Ke6
Kf8 73. Kd7 1-0

[Event "Online Olym Top DivB 2021"]
[Site "chess.com INT"]
[Date "2021.09.09"]
[Round "4.4"]
[Board "4"]
[White "Kulkarni, Bhakti"]
[Black "Xu, Tong"]
[Result "1-0"]
[WhiteTitle "IM"]
[BlackTitle "WIM"]
[WhiteElo "2388"]
[BlackElo "2111"]
[WhiteTeam "India"]
[BlackTeam "Shenzhen China"]
[WhiteFideId "5019516"]
[BlackFideId "8601739"]
[EventDate "2021.09.08"]
[EventType "team"]

1. d4 d5 2. Bg5 Nf6 3. Bxf6 exf6 4. e3 Bd6 5. Bd3 Be6 6. Nd2 c5 7. dxc5 Bxc5 8.
c3 Nc6 9. Ngf3 O-O 10. O-O Ne5 11. Be2 Nc4 12. Qc2 Rc8 13. Nd4 Qd7 14. Nxc4 dxc4
15. Rad1 Qe7 16. Qe4 Rfe8 17. Nxe6 Qxe6 18. Qxe6 fxe6 19. Bxc4 Kf7 20. Bb5 Red8
21. Bd7 Rb8 22. Rd3 Ke7 23. Rfd1 Bb6 24. b4 Bc7 25. c4 b6 26. h3 g5 27. Kf1 h6
28. Ke2 Be5 29. Kf3 h5 30. Ke4 Bc7 31. f4 f5+ 32. Kf3 g4+ 33. hxg4 hxg4+ 34. Kg3
Kf6 35. Rh1 Rh8 36. Rxh8 Rxh8 37. Ra3 a5 38. bxa5 bxa5 39. Rb3 Rb8 40. Bb5 Rd8
41. c5 e5 42. Rd3 Rxd3 43. Bxd3 exf4+ 44. exf4 Bb8 45. a4 Bc7 46. Be2 Bb8 47. c6
Bc7 48. Bxg4 fxg4 49. Kxg4 Bb8 50. g3 Kg6 51. Kf3 Kf5 52. g4+ Ke6 53. Ke4 Bc7
54. g5 Bb8 55. f5+ Ke7 56. Kd5 Bc7 57. Kc5 Bf4 58. Kb6 Kd8 59. Kb7 1-0

[Event "Online Olym Top DivB 2021"]
[Site "chess.com INT"]
[Date "2021.09.09"]
[Round "4.4"]
[Board "5"]
[White "Xue, Haowen"]
[Black "Nihal, Sarin"]
[Result "0-1"]
[BlackTitle "GM"]
[WhiteElo "2128"]
[BlackElo "2652"]
[WhiteTeam "Shenzhen China"]
[BlackTeam "India"]
[WhiteFideId "8625492"]
[BlackFideId "25092340"]
[EventDate "2021.09.08"]
[EventType "team"]

1. d4 Nf6 2. c4 e6 3. Nf3 d5 4. g3 h6 5. Bg2 Bd6 6. O-O O-O 7. Nc3 Nc6 8. b3
dxc4 9. bxc4 e5 10. Bb2 Re8 11. Nb5 e4 12. Ne5 a6 13. Nxc6 bxc6 14. Nxd6 cxd6
15. d5 c5 16. Qc2 Bf5 17. Qc3 Rb8 18. e3 Qd7 19. Rfb1 Bg4 20. Qc2 Nh7 21. h4 Bf3
22. Qc3 Nf6 23. Qe1 Bxg2 24. Kxg2 Ng4 25. Qe2 Rb4 26. Bc3 Ra4 27. Rb3 Qf5 28. a3
Rxc4 29. Rab1 h5 30. Kg1 Rxc3 31. Rxc3 Ne5 32. Qf1 Nf3+ 33. Kh1 Nd2 34. Qd1 Qh3+ 0-1

[Event "Online Olym Top DivB 2021"]
[Site "chess.com INT"]
[Date "2021.09.09"]
[Round "4.4"]
[Board "6"]
[White "Vaishali, R"]
[Black "Li, Xinyu"]
[Result "1-0"]
[WhiteTitle "WGM"]
[BlackTitle "WFM"]
[WhiteElo "2414"]
[BlackElo "2167"]
[WhiteTeam "India"]
[BlackTeam "Shenzhen China"]
[WhiteFideId "5091756"]
[BlackFideId "8610401"]
[EventDate "2021.09.08"]
[EventType "team"]

1. e4 c5 2. Nf3 d6 3. d4 cxd4 4. Nxd4 Nf6 5. Nc3 a6 6. Rg1 e5 7. Nb3 Be6 8. g4
h6 9. Be3 Nbd7 10. h4 Nb6 11. g5 hxg5 12. hxg5 Nfd7 13. g6 f5 14. exf5 Bxf5 15.
Qf3 Qf6 16. Bxb6 Nxb6 17. Qxb7 d5 18. Nxd5 1-0

[Event "Online Olym Top DivB 2021"]
[Site "chess.com INT"]
[Date "2021.09.09"]
[Round "4.5"]
[Board "1"]
[White "Radjabov, Teimour"]
[Black "Aleksandrov, Aleksej"]
[Result "1/2-1/2"]
[WhiteTitle "GM"]
[BlackTitle "GM"]
[WhiteElo "2763"]
[BlackElo "2525"]
[WhiteTeam "Azerbaijan"]
[BlackTeam "Belarus"]
[WhiteFideId "13400924"]
[BlackFideId "13500139"]
[EventDate "2021.09.08"]
[EventType "team"]

1. Nf3 Nf6 2. c4 e6 3. Nc3 d5 4. e3 dxc4 5. Bxc4 a6 6. a4 c5 7. d4 Nc6 8. O-O
Be7 9. Qe2 cxd4 10. Rd1 e5 11. exd4 exd4 12. Nxd4 Nxd4 13. Qe5 Qd6 14. Qxd6 Bxd6
15. Rxd4 Be5 16. Rd1 O-O 17. Be3 Be6 18. Bxe6 fxe6 19. Bd4 Bxd4 20. Rxd4 Rfd8
21. Rad1 Rxd4 22. Rxd4 Rc8 23. Kf1 Kf7 24. Ke2 Ke7 25. Rb4 Rc7 26. h4 Nd7 27.
Ne4 a5 28. Rb5 b6 29. Kd3 Rc1 30. f3 Rd1+ 31. Ke3 h6 32. g4 Re1+ 33. Kf4 Rh1 34.
h5 Rd1 35. Ke3 Re1+ 36. Kd2 Rg1 37. Nc3 Kd6 38. b4 axb4 39. Rxb4 Rf1 40. Ke3
Re1+ 41. Kd2 Rf1 42. Ne4+ Ke7 43. Ke2 Rc1 44. f4 Ra1 45. Ke3 Re1+ 46. Kf2 Ra1
47. g5 Rh1 48. Ng3 Rh4 49. Re4 Nc5 50. Nf5+ Kf7 51. Nd6+ Ke7 52. Nf5+ Kf7 53.
Nd6+ Ke7 54. Nf5+ 1/2-1/2

[Event "Online Olym Top DivB 2021"]
[Site "chess.com INT"]
[Date "2021.09.09"]
[Round "4.5"]
[Board "2"]
[White "Stupak, Kirill"]
[Black "Guseinov, Gadir"]
[Result "1-0"]
[WhiteTitle "GM"]
[BlackTitle "GM"]
[WhiteElo "2492"]
[BlackElo "2665"]
[WhiteTeam "Belarus"]
[BlackTeam "Azerbaijan"]
[WhiteFideId "13503758"]
[BlackFideId "13401378"]
[EventDate "2021.09.08"]
[EventType "team"]

1. d4 Nf6 2. g3 g6 3. Bg2 Bg7 4. e4 d6 5. Nc3 O-O 6. Nge2 c6 7. O-O Nbd7 8. a4
e5 9. h3 exd4 10. Nxd4 Re8 11. Re1 a5 12. Bf4 Ne5 13. b3 Nfd7 14. Qd2 Nc5 15.
Rad1 Ne6 16. Be3 Nc5 17. f4 Ned7 18. Bf2 Qb6 19. Nde2 Qb4 20. Bd4 Nf6 21. Nc1
Ne6 22. Bf2 d5 23. exd5 cxd5 24. Nxd5 Nxd5 25. Qxd5 Qc3 26. Qc4 Qxc4 27. bxc4
Rb8 28. Nb3 b6 29. Rd6 Ba6 30. c5 Bc4 31. Rxb6 Rbc8 32. Nxa5 Ba2 33. Nb3 Red8
34. c6 h5 35. h4 Nc7 36. Rb7 Ne8 37. Rd7 Nc7 38. Rxd8+ Rxd8 39. Re7 Ne6 40. c7
Rc8 41. Bb6 Bf8 42. Rd7 Nxc7 43. Bxc7 Re8 44. Bd5 Be7 45. a5 1-0

[Event "Online Olym Top DivB 2021"]
[Site "chess.com INT"]
[Date "2021.09.09"]
[Round "4.5"]
[Board "3"]
[White "Mammadzada, Gunay"]
[Black "Tarasenka, Aliaksandra"]
[Result "1-0"]
[WhiteTitle "IM"]
[BlackTitle "WFM"]
[WhiteElo "2459"]
[BlackElo "2124"]
[WhiteTeam "Azerbaijan"]
[BlackTeam "Belarus"]
[WhiteFideId "13403729"]
[BlackFideId "13514288"]
[EventDate "2021.09.08"]
[EventType "team"]

1. e4 c5 2. Nf3 Nc6 3. d4 cxd4 4. Nxd4 Nf6 5. Nc3 e5 6. Ndb5 d6 7. Bg5 a6 8.
Bxf6 gxf6 9. Na3 b5 10. Nd5 Bg7 11. c3 O-O 12. Nc2 f5 13. exf5 Bxf5 14. Nce3 Be6
15. Be2 f5 16. O-O Ra7 17. f4 e4 18. Qd2 Qa8 19. Rfd1 Nd4 20. Nb4 Nxe2+ 21. Qxe2
Rd7 22. Nbc2 d5 23. a4 b4 24. Nxb4 d4 25. cxd4 Bxd4 26. Kh1 a5 27. Nbc2 Bxb2 28.
Rxd7 Bxd7 29. Rd1 Qc6 30. Nd4 Bxd4 31. Rxd4 Be6 32. h3 Rb8 33. Qd2 Qc7 34. Rd6
Rb1+ 35. Kh2 Rb2 36. Qd4 Kf7 37. Qe5 Qe7 38. Rxe6 Qxe6 39. Qxb2 Qd6 40. Kg3 Qg6+
41. Kf2 Qd6 42. g3 1-0

[Event "Online Olym Top DivB 2021"]
[Site "chess.com INT"]
[Date "2021.09.09"]
[Round "4.5"]
[Board "4"]
[White "Norman, Kseniya"]
[Black "Fataliyeva, Ulviyya"]
[Result "0-1"]
[BlackTitle "WGM"]
[WhiteElo "1842"]
[BlackElo "2277"]
[WhiteTeam "Belarus"]
[BlackTeam "Azerbaijan"]
[WhiteFideId "13518780"]
[BlackFideId "13403052"]
[EventDate "2021.09.08"]
[EventType "team"]

1. e4 c6 2. d4 d5 3. e5 Bf5 4. Nc3 e6 5. g4 Bg6 6. Nge2 c5 7. h4 h5 8. Nf4 Bh7
9. Nxh5 Nc6 10. Be3 cxd4 11. Bxd4 Bxc2 12. Qxc2 Nxd4 13. Qa4+ Nc6 14. O-O-O Qb6
15. Nb5 g6 16. Ng3 Rc8 17. Nd4 Bc5 18. Nxc6 bxc6 19. f4 Rb8 20. b3 Bb4 21. Rd3
Ne7 22. h5 Qf2 23. Ne2 Rb5 24. Kb2 gxh5 25. gxh5 Qc5 26. a3 Ba5 27. Qd4 Qxd4+
28. Nxd4 Rb7 29. Rd1 Bb6 30. Ba6 Bxd4+ 31. Rxd4 Rb6 32. Bd3 c5 33. Ra4 Nc6 34.
Ka2 Rh6 35. Rc1 Rxh5 36. Rxc5 Rh2+ 37. Rc2 Rxc2+ 38. Bxc2 a5 39. f5 Kd7 40.
fxe6+ Kxe6 41. Bd3 Kxe5 0-1

[Event "Online Olym Top DivB 2021"]
[Site "chess.com INT"]
[Date "2021.09.09"]
[Round "4.5"]
[Board "6"]
[White "Poliakova, Varvara"]
[Black "Beydullayeva, Govhar"]
[Result "1-0"]
[BlackTitle "WIM"]
[WhiteElo "1944"]
[BlackElo "2304"]
[WhiteTeam "Belarus"]
[BlackTeam "Azerbaijan"]
[WhiteFideId "13518313"]
[BlackFideId "13413015"]
[EventDate "2021.09.08"]
[EventType "team"]

1. e4 c5 2. Nf3 d6 3. d4 cxd4 4. Nxd4 Nf6 5. Nc3 a6 6. h3 e6 7. g4 Be7 8. g5
Nfd7 9. h4 Nc6 10. Be3 Qc7 11. Bh3 Nde5 12. Qe2 b5 13. O-O-O b4 14. Nb1 Nxd4 15.
Bxd4 a5 16. f4 Ba6 17. Qe3 Nc4 18. Qf3 e5 19. Bg1 a4 20. Nd2 b3 21. axb3 Nxd2
22. Kxd2 axb3 23. c3 Bb7 24. Qe3 Ra2 25. Rb1 O-O 26. Bg2 Rd8 27. Qb6 Qxb6 28.
Bxb6 Rc8 29. f5 Rc4 30. Rhe1 f6 31. g6 d5 32. gxh7+ Kxh7 33. exd5 Bd6 34. Be4
Ba3 35. Kd3 Ba6 36. bxa3 Rc6+ 37. Ke3 Rxb6 38. Bd3 Bxd3 39. Kxd3 Rxa3 40. Rb2
Ra4 41. c4 Rbb4 42. Rc1 Kg8 43. Rc3 Ra3 44. Rc1 Kf7 45. Rg1 Raa4 46. Rg4 Ra2 47.
Rgg2 Raa4 48. Rg4 Ra2 49. Kc3 Rxb2 50. Kxb2 Kf8 51. h5 Kf7 52. d6 Ke8 53. Rxg7
Rxc4 54. Kxb3 Rd4 55. d7+ Kf8 56. Rh7 Kg8 57. Re7 Kf8 58. Re8+ 1-0

[Event "Online Olym Top DivB 2021"]
[Site "chess.com INT"]
[Date "2021.09.09"]
[Round "5.1"]
[Board "1"]
[White "Aleksandrov, Aleksej"]
[Black "Erdos, Viktor"]
[Result "1/2-1/2"]
[WhiteTitle "GM"]
[BlackTitle "GM"]
[WhiteElo "2525"]
[BlackElo "2622"]
[WhiteTeam "Belarus"]
[BlackTeam "Hungary"]
[WhiteFideId "13500139"]
[BlackFideId "719978"]
[EventDate "2021.09.08"]
[EventType "team"]

1. Nf3 g6 2. e4 Nf6 3. e5 Nh5 4. d4 d6 5. Be2 Nc6 6. h3 dxe5 7. d5 Nd4 8. Nxd4
exd4 9. Qxd4 Bg7 10. Qa4+ Bd7 11. Qb3 Qc8 12. Bxh5 gxh5 13. Bf4 a5 14. Nc3 a4
15. Qa3 c5 16. O-O Rg8 17. Kh2 Ra6 18. Rae1 Rg6 19. Rg1 Bd4 20. Ne4 Kd8 21. c3
Bxh3 22. gxh3 Qf5 23. Bg3 Bxf2 24. Bxf2 Qf3 25. Rg3 Rxg3 26. Bxg3 Rxg3 27. Nxg3
Qf2+ 28. Kh1 Qxg3 29. Rf1 Qxh3+ 30. Kg1 Qg3+ 31. Kh1 Qh3+ 32. Kg1 Qg3+ 33. Kh1
Qh3+ 1/2-1/2